| 000 | 00674nam a22002177i 4500 | ||
|---|---|---|---|
| 003 | URS | ||
| 005 | 20220114152701.0 | ||
| 008 | 170426b xxu||||| |||| 00| 0 eng d | ||
| 020 | _a0070614865 | ||
| 040 |
_erda _cURSP-College Library _beng |
||
| 050 | _b658.4 S3 1997 | ||
| 100 | 1 | _aSteiner, George A. | |
| 245 |
_aBusiness, Government, and Society _bA Managerial Perspective Text and Cases _cGeorge A. Steiner |
||
| 264 | 1 |
_aUnited State _bMcGraw-Hill Companies,Inc. _c1997. |
|
| 300 |
_axiii, 657pages _c23cm. |
||
| 336 |
_atext _btxt _2rdacontent |
||
| 337 |
_aunmediated _bn _2rdamedia |
||
| 338 |
_avolume _bnc _2rdacarrier |
||
| 500 | _aIncludes index | ||
| 942 |
_2lcc _cFR |
||
| 999 |
_c7264 _d7264 |
||